| 000 | 01193nam a22004337a 4500 | ||
|---|---|---|---|
| 001 | BR2012004969 | ||
| 003 | BR-BrBNA | ||
| 005 | 20230928104025.0 | ||
| 007 | ta | ||
| 008 | 230509b bl.||||| |||| 00| 0 por d | ||
| 040 |
_aBR-BrBNA _bpor _cBiblioteca Nacional de Agricultura |
||
| 041 | _a(Por) | ||
| 072 |
_aL01 _b9410 |
||
| 090 | _ 9410 BR2012004969 | ||
| 100 | 1 | _aZoccal, R.(ed.) | |
| 100 | 1 | _aMartins, C.E.(ed.) | |
| 100 | 1 | _aMartins, M.C.(ed.) | |
| 100 | 1 | _aOliveira, L.S.X. de(ed.) | |
| 100 | 1 | _aNovaes, E.A.(ed.) | |
| 100 | 1 | _aPinto, A. da S.(ed.) | |
| 110 | 1 | _aEMBRAPA Gado de Leite, Juiz de Fora, MG (Brasil) | |
| 245 | 1 | _aNovos caminhos para o leite em Goiás | |
| 260 | 3 |
_aJuiz de Fora, MG (Brasil): _c2009. |
|
| 300 | _a254 p. | ||
| 500 | _aSeveral bibliography; 32 illus.; 17 tables | ||
| 650 | _aLEITE | ||
| 650 | _aBOVINO | ||
| 650 | _aCRUZAMENTO ANIMAL | ||
| 650 | _aRAÇA | ||
| 650 | _aGIRASSOL | ||
| 650 | _aCAPIM BRACHIARIA | ||
| 650 | _aCONSORCIAÇÃO DE CULTURA | ||
| 650 | _aAGROSSILVICULTURA | ||
| 650 | _aPRODUÇÃO LEITEIRA | ||
| 650 | _aQUALIDADE | ||
| 650 | _aGOIÁS | ||
| 909 |
_a202309 _bLucia _c55 _dLucia Elande |
||
| 942 | _cBK | ||
| 999 |
_c77736 _d77736 |
||